000 00541nam a2200205 4500
003 LK-CoMWRAF
005 20231022104811.0
008 231008b1960 |||||||| |||| 00| 0 eng d
040 _aLK-CoMWRAF
_dLK-CoMWRAF
_eLK-CoMWRAF
041 _aeng
082 _a912
_bGOO
100 _aGoode, John Paul
245 _aGoode's world atlas
250 _a11th ed.
260 _aChicago:
_bRand McNally,
_c1960
300 _axii, 288 p. : col. ill., col. maps ; 29 cm.
650 _aATLASES
700 _aEspenshade, Edward B.
_eed.
942 _cBK
999 _c3816
_d3816